| 000 | 00908 a2200229 4500 | ||
|---|---|---|---|
| 008 | 080820t xxu||||| |||| 00| 0 eng d | ||
| 010 | _aENG-84926 | ||
| 020 |
_a8131300013 _c595.00 |
||
| 035 | _aEN-68459 | ||
| 037 | _bD.B.Act / Pub | ||
| 082 | _a660.62 | ||
| 100 | _aRajvaidya, Neelima | ||
| 245 |
_aIndustrial applications of microbiology _cby Neelima Rajvaidya and Dilip Kumar Markandey |
||
| 260 |
_aNew Delhi _bA P H Publishing _c2006. |
||
| 270 |
_a5, Ansari Road, Darya Ganj _bNew Delhi _cDelhi _e110002 |
||
| 300 |
_aviii, 262 p. _c22 cm. (Hb) |
||
| 650 |
_aMicrobiology _xIndustrial applicatons |
||
| 650 | _aIndustrial microbiology | ||
| 700 | _aMarkandey, Dilip Kumar | ||
| 942 |
_adpl _cEN _k660.62 / RAJ _2ddc _h660.62 _mRAJ |
||
| 999 |
_c751 _d751 |
||